| 000 | 00402nam a22001697a 4500 | ||
|---|---|---|---|
| 003 | OSt | ||
| 005 | 20231108072001.0 | ||
| 008 | 170926b xxu||||| |||| 00| 0 eng d | ||
| 020 | _a9780074622506 | ||
| 040 | _cSEROSOFT | ||
| 100 | _aMORGAN CLIFFORD T. | ||
| 245 | _aINTRODUCTION TO PSYCHOLOGY | ||
| 250 | _a7TH | ||
| 260 |
_aCHENNAI _bMC GRAW -HILL _c2017 |
||
| 300 | _aSI-15 | ||
| 942 |
_2ddc _c02 _e7TH |
||
| 999 |
_c40685 _d40685 |
||